000 00424nam a22001817a 4500
003 MPLRDC
005 20220104114732.0
008 210129b ||||| |||| 00| 0 eng d
020 _a7-80521-058-6
082 _a857.7 DR c.2
100 _a东瑞
245 _a夜夜欢歌
_c
250 _a一版一刷
260 _a
_b广东旅游出版社
_c1989
300 _b
650 _a长篇小说
942 _cBK
_o857.7 DR c.2
999 _c9814
_d9804